Statistics for Countries that Beat Kuwait

Click here to take the quiz!

General Stats

  • This quiz has been taken 334 times
  • The average score is 12 of 20

Answer Stats

RankCategoryCountries% Correct
5Richest per capita in AsiaQatar | Singapore | Brunei | United Arab Emirates
92%
3Least guessed at the Middle East Countries quizCyprus | Bahrain
84%
6Least forested (%)Qatar | Oman | Egypt | Libya | Mauritania
79%
9Most skyscrapers per capitaMonaco | United Arab Emirates | Singapore | Qatar | Panama | Bahrain | South Korea | Australia
77%
4Highest energy consumption per capitaIceland | Trinidad-and-Tobago | Qatar
76%
2Shortest border of IraqJordan
75%
5Most cars per capita in AsiaJapan | Bahrain | Qatar | Cyprus
74%
8Hottest capitalSudan | Niger | Chad | Mali | Burkina Faso | South Sudan | United Arab Emirates
67%
3Richest bordering each other in AsiaQatar/Saudi Arabia | United Arab Emirates/Saudi Arabia
65%
5Highest men ratioVatican City | Qatar | United Arab Emirates | Bahrain
65%
5Least arabic speakers where arabic is an official languageComoros | Djibouti | Bahrain | Qatar
61%
3Smallest starting with "K"Kiribati | Kosovo
60%
9Highest obesity rateNauru | Palau | Marshall Islands | Tuvalu | Tonga | Samoa | Kiribati | Micronesia
59%
5Highest electricity consumption per capitaIceland | Norway | Canada | Finland
51%
3Highest divorce rate in Asia(Russia) | South Korea | China
49%
5Most oil export dependent in AsiaIraq | Azerbaijan | Turkmenistan | Brunei
48%
4Highest CO2 emissions per capitaPalau | Qatar | Trinidad-and-Tobago
45%
6Least arable land (%)Djibouti | Oman | Seychelles | Mongolia | Suriname
44%
2Smallest containing "W"Eswatini
26%
3Highest petrol consumption per capitaSingapore | Nauru
21%

Score Distribution

Percentile by Number Answered

Percent of People with Each Score

Your Score History

You have not taken this quiz